| 000 | 01088cam a2200265 a 4500 | ||
|---|---|---|---|
| 001 | 000026526 | ||
| 005 | 20200930030252.0 | ||
| 008 | 760825s1981 mx 000 e spa d | ||
| 020 | _z968230363X | ||
| 040 |
_aDO-SdBNP _bspa _dBNPHU |
||
| 041 | 1 | 7 |
_aspa _heng _2Código de idioma MARC |
| 082 |
_axxx _bM821c, 1981 |
||
| 100 | 1 |
_aMoore, Stanley _953610 |
|
| 240 | 1 | 0 |
_aThe critique of capitalist democracy. _lEspañol. |
| 245 | 1 | 0 |
_aCrítica de la democracia capitalista : _buna introducción a la teoría del estado en Marx, Engels y Lenin / _cStanley Moore ; traducción Marcelo Norwersztern. |
| 250 | _a6a ed. | ||
| 260 |
_aMéxico, D. F. : _bSiglo Veintiuno Editores, _c1981. |
||
| 300 |
_a134 p. ; _c21 cm. |
||
| 490 | 1 |
_aBiblioteca del pensamiento socialista _aensayos críticos |
|
| 504 | _aIncluye referencias bibliográficas y notas al pie de las páginas | ||
| 534 |
_aTítulo original: _tThe critique of capitalist democracy. |
||
| 700 | 1 |
_aNorwersztern, Marcelo, _etr. _953611 |
|
| 830 | 0 |
_aBiblioteca del pensamiento socialista _pensayos críticos _953612 |
|
| 049 | _aBNGR | ||
| 999 |
_c26018 _d26018 |
||